| 000 | 00628cab a22002175a 4500 | ||
|---|---|---|---|
| 001 | L160222 | ||
| 008 | 190423e2019 xxk 000 0 eng d | ||
| 035 | _a(Sirsi) u160222 | ||
| 041 | 0 | _aeng | |
| 100 | 1 | _aLomax, Gareth | |
| 245 | 0 | 0 | _aGoing up in the world |
| 260 | _c2019 | ||
| 490 |
_aRICS Property Journal _vOctober-November 2018, 48-49(2) |
||
| 520 | _aOffers advice for building owners and manager on replacing and reburbishing a lift in a building, | ||
| 590 | _aNTK | ||
| 650 | 2 | 4 | _aLIFTS |
| 651 | 4 | _aUnited Kingdom | |
| 690 |
_aProperty management _96262 |
||
| 690 |
_aRefurbishment _96264 |
||
| 942 |
_n0 _2ddc |
||
| 999 |
_c85190 _d85190 |
||